Normal view
MARC view
Entry Personal Name
001 - CONTROL NUMBER
- control field: 8552
003 - CONTROL NUMBER IDENTIFIER
- control field: OSt
005 - DATE AND TIME OF LATEST TRANSACTION
- control field: 20220809074844.0
008 - FIXED-LENGTH DATA ELEMENTS
- fixed length control field: 220809|| aca||aabn | a|a d
040 ## - CATALOGING SOURCE
- Original cataloging agency: OSt
- Transcribing agency: OSt
100 ## - HEADING--PERSONAL NAME
- Personal name: Kneebone, Roger
670 ## - SOURCE DATA FOUND
- Source citation: Work cat.: (OSt): Kneebone, Roger, Expert : , 2021. ©2020